Daya Enna Penkutty_Malayalam (Record no. 38097)

MARC details
000 -LEADER
fixed length control field 01532nam a22001937a 4500
020 ## - INTERNATIONAL STANDARD BOOK NUMBER
ISBN 9788126421367
082 ## - DEWEY DECIMAL CLASSIFICATION NUMBER
Classification number 920 VAS
100 ## - MAIN ENTRY--AUTHOR NAME
Personal name Vasudevan Nair M T
245 ## - TITLE STATEMENT
Title Daya Enna Penkutty_Malayalam
250 ## - EDITION STATEMENT
Edition statement 1
260 ## - PUBLICATION, DISTRIBUTION, ETC. (IMPRINT)
Name of publisher DC Books
Place of publication Kottayam
Year of publication 2025
300 ## - PHYSICAL DESCRIPTION
Number of Pages Number of pages : 72
500 ## - GENERAL NOTE
General note Category : Children's Literature
520 ## - SUMMARY, ETC.
Summary, etc เด†เดฐเต†เดฏเตเด‚ เดตเดฟเดธเตเดฎเดฏเดฟเดชเตเดชเดฟเด•เตเด•เตเดจเตเดจ เดฌเตเดฆเตเดงเดฟเดตเตˆเดญเดตเดฎเตเดณเตเดณเดตเดณเดพเดฃเต เดธเตเดฎเตเดฑเต‚เดฆเต. เด…เดตเดณเต† เดŽเดฒเตเดฒเดพเดตเดฐเตเด‚ เดฆเดฏ เดŽเดจเตเดจเต เดตเดฟเดณเดฟเดšเตเดšเต. เดธเตผเดตเดธเตเดตเดคเตเดคเตเด‚ เดจเดทเตเดŸเดชเตเดชเต†เดŸเตเดŸ เดคเดจเตเดฑเต† เดฏเดœเดฎเดพเดจเดจเต† เดŽเดฒเตเดฒเดพเดตเดฐเตเด‚ เด‰เดชเต‡เด•เตเดทเดฟเดšเตเดšเดชเตเดชเต‹เดดเตเด‚ เด…เดตเตพ เด…เดฏเดพเดณเต‹เดŸเตŠเดชเตเดชเด‚ เดจเดฟเดจเตเดจเต. เด…เดฏเดพเดณเต† เดฐเด•เตเดทเดฟเด•เตเด•เดพเดจเตเดฑเดšเตเดšเต. เดชเด•เตเดทเต‡, เดชเตเดฐเดคเต€เด•เตเดทเดฟเดšเตเดšเดชเต‹เดฒเดฒเตเดฒ เด…เดตเดฐเตเดŸเต† เดœเต€เดตเดฟเดคเด‚ เดจเต€เด™เตเด™เดฟเดฏเดคเต. เด…เดคเต เดตเดดเดฟเดฎเดพเดฑเดฟเดฏเดคเต เด…เดคเตเดญเตเดคเด•เดฐเดฎเดพเดฏ เดฎเดฑเตเดฑเตŠเดฐเต เดฒเต‹เด•เดคเตเดคเต‡เด•เตเด•เดพเดฏเดฟเดฐเตเดจเตเดจเต! เดฎเดฒเดฏเดพเดณเดคเตเดคเดฟเดจเตเดฑเต† เดชเตเดฐเดฟเดฏเด•เดฅเดพเด•เดพเดฐเตป เดŽเด‚. เดŸเดฟ. เดตเดพเดธเตเดฆเต‡เดตเตปเดจเดพเดฏเตผ เด•เตเดŸเตเดŸเดฟเด•เตพเด•เตเด•เดพเดฏเดฟ เดŽเดดเตเดคเดฟเดฏ เดจเต‹เดตเตฝ.
546 ## - LANGUAGE NOTE
Language note Language : Malayalam
650 ## - SUBJECT ADDED ENTRY--TOPICAL TERM
Topical Term GEN
942 ## - ADDED ENTRY ELEMENTS (KOHA)
Koha item type Text Book
952 ## - LOCATION AND ITEM INFORMATION (KOHA)
Damaged status
Not for loan
Holdings
Withdrawn status Collection code Permanent Location Current Location Date acquired Source of acquisition Cost, normal purchase price Inventory number Full call number Accession Number Price effective from Koha item type
  GENERAL VAST Central Library VAST Central Library 25/11/2025 DC Bookshop,Thrissur 150.00 000729 920 VAS 38236 18/12/2025 Text Book